|
|
|
|
| LEADER |
00000caa a22000002c 4500 |
| 001 |
1639155104 |
| 003 |
DE-627 |
| 005 |
20220608124223.0 |
| 007 |
tu |
| 008 |
160223s2002 xx ||||| 00| ||eng c |
| 035 |
|
|
|a (DE-627)1639155104
|
| 035 |
|
|
|a (DE-576)45578454X
|
| 035 |
|
|
|a (DE-599)BSZ45578454X
|
| 040 |
|
|
|a DE-627
|b ger
|c DE-627
|e rakwb
|
| 041 |
|
|
|a eng
|
| 100 |
1 |
|
|a Janson, Björn
|4 aut
|
| 245 |
1 |
4 |
|a The Nord-Balt prison project - A model for co-operation and reform of prison systems
|c Björn Janson
|
| 264 |
|
1 |
|c 2002
|
| 336 |
|
|
|a Text
|b txt
|2 rdacontent
|
| 337 |
|
|
|a ohne Hilfsmittel zu benutzen
|b n
|2 rdamedia
|
| 338 |
|
|
|a Band
|b nc
|2 rdacarrier
|
| 773 |
0 |
8 |
|i In
|t Penological information bulletin
|d Strasbourg : Council, 1992
|g 23/24(2002), Seite 7-9
|w (DE-627)181993139
|w (DE-600)1180831-7
|w (DE-576)038880180
|x 0254-5225
|7 nnas
|
| 773 |
1 |
8 |
|g volume:23/24
|g year:2002
|g pages:7-9
|
| 935 |
|
|
|a mkri
|
| 951 |
|
|
|a AR
|
| ELC |
|
|
|b 1
|
| LOK |
|
|
|0 000 xxxxxcx a22 zn 4500
|
| LOK |
|
|
|0 001 3299464892
|
| LOK |
|
|
|0 003 DE-627
|
| LOK |
|
|
|0 004 1639155104
|
| LOK |
|
|
|0 005 20250305134323
|
| LOK |
|
|
|0 008 160208||||||||||||||||ger|||||||
|
| LOK |
|
|
|0 040
|a DE-21-110
|c DE-627
|d DE-21-110
|
| LOK |
|
|
|0 689
|a s
|a Strafvollzugsreform
|
| LOK |
|
|
|0 689
|a g
|a Baltische Staaten
|
| LOK |
|
|
|0 852
|a DE-21-110
|
| LOK |
|
|
|0 852 1
|m p
|9 00
|
| LOK |
|
|
|0 935
|a k110
|
| LOK |
|
|
|0 938
|k p
|
| LOK |
|
|
|0 939
|a 08-02-16
|b l01
|
| ORI |
|
|
|a SA-MARC-krimdoka001.raw
|